Conversaciones para el entendimiento /

Kaydedildi:
Detaylı Bibliyografya
Yazar: Canales, Manuel
Materyal Türü: Metin
Konular:
Etiketler: Etiketle
Etiket eklenmemiş, İlk siz ekleyin!

MARC

LEADER 00000 a a2200000 04500
001 17469
003
040
100 |a Canales, Manuel  
245 |a Conversaciones para el entendimiento /  |c Manuel Canales 
650 |a INVESTIGACION SOCIAL  
650 |a PARTICIPACION COMUNITARIA  
650 |a SOCIOLOGIA  
650 |a TEORIA  
773 |g número 58; páginas 33-40  
999 |c 24739  |d 24739